| 000 | 00452cam a22001451 4500 | ||
|---|---|---|---|
| 082 |
_a621.3133 _bMCF _cL-10, P-6 |
||
| 100 | 1 |
_aMcFarland, Thomas Clair, _941358 |
|
| 245 | 0 | 0 | _aAlternating current machines. |
| 260 |
_aNew York, _bD. Van Nostrand Co. _c1948. |
||
| 300 |
_aix, 540 p. _bdiagrs. _c24 cm. |
||
| 526 |
_a0 _b0 _c0 _d621_313300000000000_MCF |
||
| 650 | 0 |
_aElectric machinery _xAlternating current. _941180 |
|
| 650 | 0 |
_aMCE _9379 |
|
| 942 |
_2ddc _cBK |
||
| 999 |
_c545490 _d545490 |
||